Statistics for The Scotland Quiz

Click here to take the quiz!

General Stats

  • This quiz has been taken 4,639 times
  • The average score is 12 of 15

Answer Stats

HintAnswer% Correct
What is the capital?Edinburgh
98%
What is the largest city?Glasgow
98%
What currency is used in Scotland?The Pound
96%
The Scottish flag features a white 'x' on which color background?Blue
95%
What is the national dish?Haggis
94%
Which city, often referred to as the oil capital of Europe, is Scotland's third largest city?Aberdeen
83%
Who is Scotland's patron saint?Andrew
83%
Which city on the northern coast is considered the capital of the Scottish Highlands?Inverness
79%
Scotland is the home of which popular sport, now played all over the world?Golf
76%
Someone from Glasgow is called a what?Glaswegian
73%
What is Scotland's largest loch? (lake)Loch Lomond
71%
Which famous naturalist graduated from the University of Edinburgh in 1831?Charles Darwin
59%
Which Scottish author (1859-1930) is known for his crime fiction series entitled Sherlock Holmes?Sir Arthur Conan Doyle
57%
Who was the most recent Scottish Prime Minister of the United Kingdom?Gordon Brown
56%
What is the name of the archipelago of islands located off the western coast of Scotland?Hebrides
56%

Score Distribution

Percentile by Number Answered

Percent of People with Each Score

Your Score History

You have not taken this quiz